Fr. Conceicao Rodrigues College of Engineering

Numerical Methods With Fortran IV Case Studies (Record no. 19210)

MARC details
000 -LEADER
fixed length control field 00309nam a2200133Ia 4500
082 ## - DEWEY DECIMAL CLASSIFICATION NUMBER
Classification number 519.4
100 ## - MAIN ENTRY--PERSONAL NAME
Personal name Dorn/ William.S
245 ## - TITLE STATEMENT
Title Numerical Methods With Fortran IV Case Studies
260 ## - PUBLICATION, DISTRIBUTION, ETC.
Name of publisher, distributor, etc. John Wiley & Sons
Place of publication, distribution, etc. NEWYORK
Date of publication, distribution, etc. 1972
300 ## - PHYSICAL DESCRIPTION
Extent 447
546 ## - LANGUAGE NOTE
Language note ENGLISH
654 ## - SUBJECT ADDED ENTRY--FACETED TOPICAL TERMS
Focus term Fortran
942 ## - ADDED ENTRY ELEMENTS (KOHA)
Koha item type BOOK
Holdings
Withdrawn status Lost status Damaged status Not for loan Collection Home library Current library Date acquired Cost, normal purchase price Total Checkouts Full call number Barcode Date last seen Cost, replacement price Price effective from Koha item type
        AFT Fr. Agnel's C.Rodrigues College of Engineering Fr. Agnel's C.Rodrigues College of Engineering 17/03/2023 44.80   519.4 AFT1221 17/03/2023 44.80 17/03/2023 BOOK